Music Quiz

Random Music or Song Quiz
Score 0/300 Timer 15:00
0 Plays Today
Answer % Correct
I
98.2%
I
98.2%
I
98.2%
I
98.2%
I
98.2%
I
98.2%
I
98.2%
I
98.2%
I
98.2%
I
98.2%
I
98.2%
I
98.2%
a
98.1%
the
98.1%
the
98.1%
A
98.1%
a
98.1%
the
98.1%
The
98.1%
a
98.1%
a
98.1%
the
98.1%
the
98.1%
a
98.1%
You
89.2%
you
89.2%
you
89.2%
you
89.2%
You
89.2%
you
89.2%
you
89.2%
you
89.2%
you
89.2%
you
89.2%
you
89.2%
you
89.2%
you
89.2%
to
78.8%
to
78.8%
to
78.8%
to
78.8%
to
78.8%
me
77.1%
be
76%
be
76%
be
76%
be
76%
We
73.4%
can
73.3%
can
73.3%
love
72.6%
Is
72.1%
is
72.1%
in
71.6%
in
71.6%
in
71.6%
no
69.9%
No
69.9%
no
69.9%
no
69.9%
No
69.9%
no
69.9%
so
66.3%
so
66.3%
so
66.3%
so
66.3%
for
62.7%
when
62.7%
for
62.7%
when
62.7%
for
62.7%
what
62.6%
your
62.2%
know
61.3%
there
60%
Are
59.9%
are
59.9%
of
59.8%
of
59.8%
of
59.8%
of
59.8%
of
59.8%
of
59.8%
that
59%
that
59%
don't
56.5%
Don't
56.5%
don't
56.5%
see
55.1%
can't
54.4%
can't
54.4%
can't
54.4%
Why
54.1%
Why
54.1%
not
53.4%
not
53.4%
not
53.4%
have
52.5%
have
52.5%
Have
52.5%
Answer % Correct
Have
52.5%
this
52.3%
this
52.3%
this
52.3%
they
51.6%
You're
50.5%
you're
50.5%
you're
50.5%
How
50.4%
how
50.4%
I'm
49.7%
I'm
49.7%
I'm
49.7%
I'm
49.7%
want
48.3%
one
46.2%
one
45.9%
But
45.7%
But
45.7%
But
45.7%
But
45.7%
But
45.7%
all
45%
as
44.3%
were
43.8%
We're
43.8%
Oh
43.2%
Oh
43.2%
oh
43.2%
like
43%
like
43%
like
43%
here
42.2%
just
42.2%
here
42.2%
just
42.2%
won't
40.3%
from
39.9%
more
39.5%
more
39.5%
more?
39.5%
more
39.5%
more
39.5%
more
39.5%
than
38.1%
Than
38.1%
I've
37%
I've
37%
I've
37%
I've
37%
I've
37%
been
36.5%
been
36.5%
been
36.5%
been
36.5%
been
36.5%
been
36.5%
time
35.8%
or
35.3%
him
34.8%
now
34.8%
him
34.8%
think
33.9%
think
33.9%
think
33.9%
mine
31.7%
got
31.2%
has
30.6%
his
30.5%
Girl
27.2%
girl
27.2%
girl
27.2%
girl
27.2%
something
27.1%
Something
27.1%
heart
26.6%
before
25.8%
come
25.8%
before
25.8%
before
25.8%
come
25.8%
before
25.8%
before
25.8%
always
25.8%
always
25.8%
they're
25.6%
thought?
25.5%
thought
25.5%
Two
25.2%
only
25.1%
there's
24.7%
off
23.9%
off
23.9%
boy
22.2%
into
21.6%
into
21.6%
gonna
21.3%
bad
20.6%
He's
19.6%
he's
19.6%
Answer % Correct
he's
19.6%
he's
19.6%
back
19.1%
back
19.1%
without
18.7%
really
17.4%
Three
16.7%
loves
16.4%
loves
16.4%
loves
16.4%
another
16.3%
Another
16.3%
wrong
16.3%
another
16.3%
Another
16.3%
wrong
16.3%
wrong
16.3%
Four
16.2%
Five
15.4%
Six
15.3%
kind
14.8%
place
14.8%
hurt
14.8%
better
14.8%
better
14.8%
hurt
14.8%
hurt
14.8%
feeling
14.4%
Used
13.7%
used
13.7%
falling
13.1%
Since
13%
beginning
12.5%
guy
12.5%
ends
12.5%
anymore
11.9%
today
11.9%
anymore
11.9%
friends
11.7%
lover
11.5%
crush
11.4%
Who's
11.3%
nice
11.2%
door
11.1%
door
11.1%
Women
10.6%
next
10.4%
next
10.4%
guys
10.2%
guys
10.2%
guys
10.2%
making
9.7%
makes
9.4%
makes
9.4%
history
9.3%
history
9.3%
history
9.3%
warning
9%
choices
8.7%
cute
8.7%
space
8.5%
dare
8.4%
chapter
8.4%
chapter
8.4%
Chapter
8.4%
mother
8.4%
ignore
8.2%
Charlie
8.2%
ignore
8.2%
Charlie
8.2%
Charlie
8.2%
outer
8%
shy
7.6%
girlfriend
7.6%
girlfriend
7.6%
changing
7.1%
honestly
7%
honestly
7%
honestly
7%
eh
6.9%
Yesterday
6.9%
bum
6.9%
named
6.9%
insecure
6.6%
unsure
6.6%
Nicola
6.6%
surprise
6.2%
unavailable
6.2%
star-crossed
6.2%
sleaze
5.9%
immature
5.9%
bright-eyed
5.8%
bore
5.7%
flake
5.4%
spark
5.2%
aching
4.5%
burned
4.4%
lackluster
4.2%
limp
4.1%
allure
3.4%
Remove Ads.
Support Sporcle.
Get the best of Sporcle when you Go Orange. This ad-free experience offers more features, more stats, and more fun while also helping to support Sporcle. Thank you for becoming a member.

You're not logged in!

Compare scores with friends on all Sporcle quizzes.
OR
Log In

Show Comments

Extras

Top Quizzes Today


Score Distribution

Your Account Isn't Verified!

In order to create a playlist on Sporcle, you need to verify the email address you used during registration. Go to your Sporcle Settings to finish the process.

Report this User

Report this user for behavior that violates our Community Guidelines.

Details: